000 00820nas a2200265 4500
001 BR0203048
003 BR-BrBNA
005 20231205103030.0
007 ta
008 230509b bl.|||p| |||| 00| 00por d
040 _aBR-BrBNA
_bpor
_cBiblioteca Nacional de Agricultura
041 _a(En)
072 _aQ02
100 1 _aBrito, E.S. de
100 1 _aGarcia, N.H.P.
100 1 _aAmâncio, A.C.
245 1 _aEffect of polyphenol oxidase (PPO)and air treatments ontotal phenol and tannin content of cocoa nibs
650 _aCACAU
650 _aPROCESSAMENTO
650 _aATIVIDADE ENZÍMICA
650 _aTANINO
773 0 _tCiência e Tecnologia de Alimentos (Brazil)
_xISSN 0101-2061
_g(Jan-Apr 2002), v. 22(1) p. 45-48
_wBR0203048
909 _a202311
_bLúcia
_c55
_dLúcia Elande
942 _2AGRIS
_n0
_cANA
999 _c170681
_d170681